| 000 | 00470 a2200181 4500 | ||
|---|---|---|---|
| 020 | _a9780141032436 | ||
| 040 |
_aDLC _bDLC |
||
| 082 | _a863 | ||
| 100 | _a Gabriel Garcia Marquez | ||
| 245 |
_aOne hundred years of solitude. _c Gabriel Garcia Marquez |
||
| 260 |
_aUSA _bPenguin Book _c1970 |
||
| 300 | _a422 p. | ||
| 600 | _a Gabriel Garcia Marquez | ||
| 650 | _aMacondo | ||
| 651 | _aLatin America | ||
| 700 | _4 Gabriel Garcia Marquez | ||
| 942 |
_cBK _k863 MAR _2ddc |
||
| 999 |
_c10734 _d10734 |
||